Asterix Characters - Statistics

General Stats
  • This quiz has been taken 277 times
  • The average score is 5 of 10
Answer Stats
Characters from the Gaulish Village % Correct
asterix
100%
obelix
99%
getafix
49%
dogmatix
46%
vitalstatistix
44%
cacofonix
38%
geriatrix
33%
fulliautomatix
29%
impedimenta
28%
unhygenix
28%
No matching quizzes found
Score Distribution
Percent of People with Each Score
Percentile by Number Answered
Your Score History
You have not taken this quiz